000 010230am a2200265 004500
003 EG-GiCUC
008 080403s2001 ua g 000 0 ara d
017 _a1998 / 5109
_bمصر.دار الكتب
020 _a9772704137
040 _aEG-GiCUC
_bara
_cEG-GiCUC
092 0 4 _a341.77
_bR8961 2001
_221
099 _a04
_a341.77 R8961 2001
100 1 _aالروبى : سراج الدين
245 1 0 _aالية الانتربول فى التعاون الدولى الشرطى /
_cسراج الدين الروبى
250 _aط2 : مزيدة و منقحة
260 _aالقاهرة :
_bالدار المصرية اللبنانية :
_c2001
300 _a347ص ؛
_c24سم
504 _aيشتمل على ارجاعات ببليوجرافية (ص317-320)
650 7 _aالشرطة الدولية
_2qrmak
902 _a1
905 _aرضا
_eمراجع
905 _aمنى
_eمدخل
942 _2ddc
_cBK
999 _c98569
_d98569